Київська старовина (Запис № 441577)

МАРК-запис
000 -Лідер
fixed length control field 00907nas a22002657a 4500
001 - Контрольний номер
control field 43100
003 - Ідентифікатор контрольного номера
control field UA-OsUOA
005 - Дата та час останнього входження (трансакції)
control field 20230704120101.0
007 - Фіксоване поле фізичного опису
fixed length control field ta
008 - Елементи даних фіксованої довжини – загальна інформація
fixed length control field 200905c3b un |||||br|p| 00| 0 ukr dukr d
022 ## - Міжнародний стандартний серіальний номер (ISSN)
Міжнародний стандартний серіальний номер (ISSN) 08693595
040 ## - Джерело каталогізації
Агенція оригінальної каталогізації UA-OsUOA
Мова каталогізації ukr
Агенція, яка здійснювала перезапис UA-OsUOA
Агенція, яка здійснювала модифікацію UA-OsUOA
041 ## - Код мови
Код мови тексту/ звукової доріжки чи окремого заголовка (П) ukr
080 ## - Індекс Універсальної десяткової класифікації
Індекс Універсальної десяткової класифікації (УДК) (НП) 93
090 ## - Локальний шифр розміщення
Класифікаційний індекс УДК 93
Авторський знак (НП) К11
099 ## - Місцевий розмір звичайного тексту (OCLC)
Передплатний індекс 74260
110 ## - Наймення організації – загальна інформація
Найменування колективу або юрисдикції як початковий елемент введення Журнал Київського славістичного університету
245 ## - Відомості про назву
Назва (НП) Київська старовина
Решта назви (НП) науково-популярний та літературний журнал
Дані про відповідальність (НП) гол. ред. П. П. Толочко
260 ## - Публікація, розповсюдження і т.п. (Вихідні дані)
Місце публікації, розповсюдження і т.п. (П) К.
650 #7 - Додаткове предметне введення – тематичний термін
Тематичний термін чи географічна назва, як елемент введення (НП) 93 Історія. Теоретичні питання
Джерело заголовка чи терміна UDC
942 ## - Додаткові елементи входу (Коха)
Тип елемента Koha Журнал
Source of classification or shelving scheme Universal Decimal Classification
Serial record 1
955 ## - Код типу видання за змістом
Код типу видання за змістом (НП) Науково-популярні видання
Фонди
Стан вилучень Стан втрат Джерело класифікації або схеми стелажів Стан уражень Не для кредиту Постійне місце розташування Поточне розміщення Дата придбання Послідовне перерахування / хронологія Усього замовленно Повний номер виклику Штрих-код Дата останнього перегляду Ціна ефективна від Тип елемента Koha
    Universal Decimal Classification     ВП - Відділ періодики НБ ВП - Відділ періодики НБ 04/07/2023 5–6 (407)   93 К11 2162214035923885 04/07/2023 04/07/2023 Номер журналу